Chefs-Lieux les plus excentrés de leur département - Statistiques

Statistiques générales
  • Ce quiz a été pris 72 fois
  • Le résultat moyen est 13 sur 30
Statistiques - réponses
° Chef-lieu % Correct
8 Nice
79%
10 Marseille
66%
2 Marseille
66%
1 La Rochelle
64%
1 La Rochelle
64%
15 Pau
59%
14 Perpignan
52%
15 Perpignan
52%
3 Toulon
52%
3 Toulon
52%
6 Arras
51%
6 Arras
51%
4 Montpellier
51%
7 Montpellier
51%
12 Toulouse
49%
11 Valence
39%
9 Metz
38%
13 Metz
38%
9 Annecy
36%
2 Mâcon
36%
10 Mâcon
36%
14 Avignon
34%
5 Chambéry
31%
5 Chambéry
31%
7 Bastia
28%
11 Bastia
28%
8 Saint-Étienne
25%
4 Saint-Étienne
25%
13 Orléans
20%
12 Nanterre
13%
Aucun quiz correspondant
Distribution des résultats
% des personnes avec chaque résultat
Percentile par nombre de réponses
Votre historique - résultats
Vous n’avez pas pris ce quiz